[Event "Game 1123 - Rated game, 10m + 5s"]
[Site "Main Playing Hall"]
[Date "2003.03.07"]
[Round "?"]
[White "JChurchill"]
[Black "kmreese"]
[Result "0-1"]
[WhiteElo "1296"]
[BlackElo "1413"]
[PlyCount "54"]
[EventDate "2003.??.??"]

1. d4 d5 2. Bf4 Nc6 3. e3 Nf6 4. Nd2 g6
5. c3 Bg7 6. Bd3 Ng4 7. Qe2 e5 8. Bg3 e4
9. Nxe4 dxe4 10. Bxe4 Nf6 11. Nf3 Nxe4 12. Bh4 g5
13. Nxg5 Nxg5 14. f4 h6 15. fxg5 hxg5 16. Bg3 g4
17. e4 O-O 18. e5 Re8 19. h3 gxh3 20. gxh3 f6
21. Kd2 fxe5 22. Qc4+ Be6 23. Qe2 exd4 24. cxd4 Nxd4
25. Qd3 Bh6+ 26. Kc3 Nb5+ 27. Qxb5 Qd2# 0-1

[Event "Game 1127 - Rated game, 15m + 0s"]
[Site "Main Playing Hall"]
[Date "2003.03.08"]
[Round "?"]
[White "flyhig55555"]
[Black "kmreese"]
[Result "0-1"]
[WhiteElo "1495"]
[BlackElo "1434"]
[Annotator "White - Resign"]
[PlyCount "94"]
[EventDate "2003.??.??"]

1. e4 c5 2. Nf3 d6 3. Bc4 e6 4. Nc3 Nc6
5. O-O g6 6. d3 Bg7 7. Bd2 Nf6 8. a3 Kf8
9. Qe2 h6 10. h3 d5 11. exd5 exd5 12. Ba2 d4
13. Ne4 Qe8 14. Rfe1 Ne5 15. Nxc5 Bxh3 16. Nxe5 Qc8
17. b4 Bxg2 18. Ned7+ Nxd7 19. Qe7+ Kg8 20. Bxf7+ Kh7
21. Qxd7 Bh3 22. Qxc8 Raxc8 23. Rac1 Rhf8 24. Be6 Bxe6
25. Rxe6 Rf5 26. Nxb7 Rcf8 27. Rf1 g5 28. Nc5 g4
29. Ne4 h5 30. Re7 h4 31. Rxa7 g3 32. Bg5 h3
33. Nxg3 Rxg5 34. Kh2 Kh6 35. Kxh3 Rf3 36. Ra5 Rgxg3+
37. fxg3 Rxf1 38. b5 Be5 39. b6 Bd6 40. Rd5 Bxa3
41. Rxd4 Rb1 42. Rd6+ Bxd6 43. Kg4 Rxb6 44. Kf3 Bc5
45. c4 Kg5 46. Ke4 Re6+ 47. Kf3 Re3+ {White - Resign} 0-1

[Event "Game 1128 - Rated game, 25m + 3s"]
[Site "Main Playing Hall"]
[Date "2003.03.08"]
[Round "?"]
[White "dulally"]
[Black "kmreese"]
[Result "0-1"]
[WhiteElo "1499"]
[BlackElo "1601"]
[Annotator "White - Resign"]
[PlyCount "60"]
[EventDate "2003.??.??"]

1. e4 c5 2. Bc4 d6 3. Nc3 g6 4. Nf3 f6
5. O-O Nc6 6. Bxg8 Rxg8 7. d3 Bg7 8. Nd5 Be6
9. Ne3 Rf8 10. c4 h5 11. Qa4 h4 12. Nxh4 Kf7
13. Nd5 g5 14. Nf5 Bxf5 15. exf5 Ne5 16. Rd1 Rh8
17. h3 g4 18. hxg4 Nxg4 19. g3 Nh2 20. Be3 Nf3+
21. Kg2 Ne5 22. Bf4 Rh5 23. Bxe5 fxe5 24. g4 Rg5
25. f3 e6 26. Ne3 exf5 27. Nxf5 Rxf5 28. gxf5 Qg5+
29. Kf1 Qxf5 30. Qd7+ Qxd7 {White - Resign} 0-1

[Event "Game 1129 - Rated game, 25m + 5s"]
[Site "Main Playing Hall"]
[Date "2003.03.08"]
[Round "?"]
[White "kmreese"]
[Black "Cro-Magnon"]
[Result "0-1"]
[WhiteElo "1614"]
[BlackElo "1365"]
[PlyCount "58"]
[EventDate "2003.??.??"]

1. e4 e5 2. Nf3 Nc6 3. Bc4 h6 4. c3 Bc5
5. b3 d6 6. O-O f5 7. b4 Bb6 8. b5 Na5
9. d3 Nf6 10. d4 Nxc4 11. dxe5 fxe4 12. exf6 exf3
13. Re1+ Ne5 14. Nd2 Qxf6 15. Ne4 Qg6 16. g3 Qg4
17. c4 Qh3 18. Nxd6+ cxd6 19. Qxf3 Be6 20. Qxb7 O-O
21. Ba3 Bxf2+ 22. Kh1 Bxe1 23. Rxe1 Ng4 24. Re2 Rae8
25. Qg2 Rf1+ 26. Qg1 Rxg1+ 27. Kxg1 Bxc4 28. Rxe8+ Kf7
29. Re1 Qxh2# 0-1

[Event "Game 1130 - Rated game, 25m + 0s"]
[Site "Main Playing Hall"]
[Date "2003.03.08"]
[Round "?"]
[White "RIFF"]
[Black "kmreese"]
[Result "0-1"]
[WhiteElo "1482"]
[BlackElo "1584"]
[Annotator "White - Time"]
[PlyCount "64"]
[EventDate "2003.??.??"]

1. d4 d5 2. Bf4 Nc6 3. Nf3 Bf5 4. a3 g6
5. e3 Bg7 6. c3 h6 7. Be2 g5 8. Be5 Nxe5
9. Nxe5 c5 10. O-O c4 11. Bh5 Bg6 12. Bxg6 fxg6
13. Nxg6 Rh7 14. Nd2 Nf6 15. f4 g4 16. b3 h5
17. bxc4 Rh6 18. f5 h4 19. Ne5 h3 20. g3 Qa5
21. Nxg4 dxc4 22. Nxh6 Bxh6 23. Qe2 Qd5 24. g4 Bxe3+
25. Rf2 Bxf2+ 26. Qxf2 Nxg4 27. Qg3 Qxf5 28. Rf1 Qh5
29. Ne4 O-O-O 30. Rf4 Rg8 31. Nf2 Rg6 32. Rf8+ Kd7 {White - Time} 0-1

[Event "Game 1131 - Rated game, 10m + 0s"]
[Site "Beginners"]
[Date "2003.03.08"]
[Round "?"]
[White "kmreese"]
[Black "chicho1846"]
[Result "0-1"]
[WhiteElo "1455"]
[BlackElo "1439"]
[Annotator "White - Resign"]
[PlyCount "88"]
[EventDate "2003.??.??"]

1. e4 e5 2. Nf3 Nc6 3. Bc4 d6 4. Nc3 Nf6
5. Ng5 Be6 6. Bb5 Qd7 7. b3 Be7 8. d3 O-O
9. O-O a6 10. Bc4 Bxc4 11. dxc4 Nd4 12. Be3 c5
13. Nf3 Nxf3+ 14. Qxf3 Qg4 15. Qd1 Qxd1 16. Raxd1 b5
17. h3 b4 18. Ne2 a5 19. Ng3 g6 20. Rd3 a4
21. bxa4 Rxa4 22. Ra1 Nh5 23. Bh6 Re8 24. Nxh5 gxh5
25. Rg3+ Kh8 26. Bg7+ Kg8 27. Bxe5+ Kf8 28. Bg7+ Kg8
29. Bf6+ Kf8 30. Bg7+ Kg8 31. Bh6+ Kh8 32. Rg7 Bf8
33. Re1 Bxg7 34. Bxg7+ Kxg7 35. e5 dxe5 36. f4 f6
37. Re3 Rxa2 38. Rg3+ Kf7 39. f5 Rxc2 40. Rd3 Rxc4
41. Rd7+ Re7 42. Rd6 b3 43. Kf2 b2 44. Rb6 Rb4 {White - Resign} 0-1

[Event "Game 1132 - Rated game, 20m + 0s"]
[Site "Main Playing Hall"]
[Date "2003.03.08"]
[Round "?"]
[White "Gentry"]
[Black "kmreese"]
[Result "1-0"]
[WhiteElo "1641"]
[BlackElo "1597"]
[Annotator "Black - Resign"]
[PlyCount "107"]
[EventDate "2003.??.??"]

1. e4 c5 2. Nf3 d6 3. b3 Nc6 4. Nc3 g6
5. Bb2 Bg7 6. Bb5 Bd7 7. Rb1 a6 8. Bxc6 bxc6
9. d4 cxd4 10. Nxd4 e5 11. Nf3 Nf6 12. O-O O-O
13. a4 Re8 14. Ne2 d5 15. exd5 cxd5 16. Bxe5 Rc8
17. Ned4 Ng4 18. Bxg7 Kxg7 19. h3 Ne5 20. Nxe5 Rxe5
21. Re1 Bxh3 22. gxh3 Qg5+ 23. Kh2 Re4 24. Nf3 Qf4+
25. Kg2 Rce8 26. Rxe4 dxe4 27. Nd4 Qg5+ 28. Qg4 Qd5
29. Rd1 e3+ 30. Qf3 e2 31. Ne6+ Qxe6 32. Qc3+ f6
33. Re1 Qe4+ 34. f3 Qh4 35. Qd2 Qg5+ 36. Qxg5 fxg5
37. Kf2 h5 38. c4 h4 39. Rxe2 Rxe2+ 40. Kxe2 Kf6
41. Ke3 Ke5 42. Kd3 Kf4 43. Ke2 g4 44. c5 gxf3+
45. Kf2 g5 46. c6 g4 47. hxg4 h3 48. c7 Kxg4
49. c8=Q+ Kh4 50. Qc4+ Kg5 51. Qc1+ Kg4 52. Qg1+ Kh4
53. Qg3+ Kh5 54. Qxh3+ {Black - Resign} 1-0

[Event "Game 1133 - Rated game, 15m + 0s"]
[Site "Main Playing Hall"]
[Date "2003.03.08"]
[Round "?"]
[White "kmreese"]
[Black "Bluesea62"]
[Result "1-0"]
[WhiteElo "1436"]
[BlackElo "1236"]
[PlyCount "41"]
[EventDate "2003.??.??"]

1. e4 e5 2. Nf3 Nc6 3. Bc4 h6 4. O-O Nf6
5. Re1 Bc5 6. Nc3 d6 7. Nd5 Ng4 8. d4 Bxd4
9. Nxd4 exd4 10. Nf4 Qf6 11. e5 dxe5 12. h3 h5
13. hxg4 Bxg4 14. f3 Bf5 15. Nd5 Qd8 16. f4 O-O
17. fxe5 f6 18. exf6 gxf6 19. Qxh5 Ne7 20. Nxf6+ Kg7
21. Qh6# 1-0

[Event "Game 1134 - Rated game, 15m + 0s"]
[Site "Main Playing Hall"]
[Date "2003.03.08"]
[Round "?"]
[White "Bluesea62"]
[Black "kmreese"]
[Result "0-1"]
[WhiteElo "1227"]
[BlackElo "1445"]
[Annotator "White - Resign"]
[PlyCount "64"]
[EventDate "2003.??.??"]

1. e4 c5 2. Nf3 d6 3. Bc4 f6 4. d3 e5
5. Be3 Nc6 6. Nc3 Nge7 7. O-O Ng6 8. Bd5 Nb4
9. a3 Nxd5 10. Nxd5 f5 11. Ng5 f4 12. Bd2 Qxg5
13. Nc7+ Kd7 14. Nxa8 Nh4 15. g3 Ke7 16. Nc7 Bg4
17. f3 Bh3 18. Rf2 Qg6 19. Nd5+ Kd7 20. Nxf4 exf4
21. Bxf4 Be7 22. c4 Rf8 23. Qa4+ Kc8 24. Qxa7 Rxf4
25. Qa8+ Kc7 26. Qa5+ Kb8 27. Raf1 Bxf1 28. Rxf1 Rxf3
29. Qe1 Qg4 30. Kh1 Qh3 31. gxh4 Bxh4 32. Qe2 Rxf1+ { White - Resign} 0-1

[Event "Game 1138 - Rated game, 25m + 0s"]
[Site "Beginners"]
[Date "2003.03.09"]
[Round "?"]
[White "Abderhaman"]
[Black "kmreese"]
[Result "1-0"]
[WhiteElo "1520"]
[BlackElo "1582"]
[PlyCount "29"]
[EventDate "2003.??.??"]

1. e4 c6 2. Nc3 e5 3. Nf3 f6 4. Be2 Ne7
5. d4 Ng6 6. dxe5 fxe5 7. Bc4 d6 8. Ng5 d5
9. exd5 c5 10. d6 Kd7 11. Nf7 Qf6 12. Ne4 Qh4
13. Nxc5+ Kc6 14. Qd5+ Kb6 15. Na4# 1-0

[Event "Game 1139 - Rated game, 10m + 2s"]
[Site "Beginners"]
[Date "2003.03.09"]
[Round "?"]
[White "kmreese"]
[Black "Eric"]
[Result "0-1"]
[WhiteElo "1453"]
[BlackElo "1270"]
[PlyCount "96"]
[EventDate "2003.??.??"]

1. e4 e5 2. Nf3 Nc6 3. Bc4 Nf6 4. c3 Nxe4
5. O-O Bc5 6. d4 Be7 7. Re1 d5 8. Bd3 Bf5
9. dxe5 O-O 10. c4 Bc5 11. Be3 d4 12. Bg5 Qd7
13. Bxe4 Bxe4 14. Rxe4 d3 15. Nbd2 Rad8 16. Bxd8 Qxd8
17. e6 fxe6 18. Rxe6 Nd4 19. Re5 Qd6 20. b4 Nxf3+
21. Nxf3 Bd4 22. c5 Qf6 23. Qb3+ Kh8 24. Rae1 d2
25. Rd1 Bxe5 26. Rxd2 Bf4 27. Rd4 Be5 28. Re4 Re8
29. Qa4 c6 30. Qxa7 h6 31. Qxb7 Bxh2+ 32. Kxh2 Rxe4
33. Qc8+ Kh7 34. a4 Rxb4 35. a5 Qf4+ 36. Kh3 Rb1
37. Nh2 Rh1 38. g3 Qxf2 39. Kh4 Qxh2+ 40. Kg4 Qh3+
41. Kf3 Qxc8 42. Ke3 Qe8+ 43. Kd3 Re1 44. Kc4 Qe4+
45. Kc3 Rf1 46. a6 Rf3+ 47. Kd2 Qe2+ 48. Kc1 Rf1# 0-1

[Event "Game 1140 - Rated game, 10m + 2s"]
[Site "Beginners"]
[Date "2003.03.09"]
[Round "?"]
[White "Eric"]
[Black "kmreese"]
[Result "1-0"]
[WhiteElo "1270"]
[BlackElo "1426"]
[PlyCount "29"]
[EventDate "2003.??.??"]

1. e4 c5 2. Nf3 d6 3. d4 f6 4. Bc4 d5
5. exd5 g5 6. O-O Bg7 7. dxc5 g4 8. Nd4 Nd7
9. d6 Nxc5 10. Re1 e5 11. Nb5 Na6 12. N1c3 g3
13. fxg3 f5 14. Qd5 e4 15. Qf7# 1-0

[Event "Game 1142 - Rated game, 6m + 1s"]
[Site "Main Playing Hall"]
[Date "2003.03.10"]
[Round "?"]
[White "kmreese"]
[Black "abscissa"]
[Result "1-0"]
[WhiteElo "1402"]
[BlackElo "1271"]
[PlyCount "37"]
[EventDate "2003.??.??"]

1. e4 d5 2. e5 Nc6 3. Nf3 f6 4. Bd3 fxe5
5. c3 e4 6. Bb5 exf3 7. Qxf3 Qd6 8. O-O e5
9. Re1 e4 10. Qd1 Nf6 11. d3 a6 12. dxe4 Be7
13. e5 Qc5 14. exf6 Qxb5 15. fxe7 Nxe7 16. Bg5 Qxb2
17. Rxe7+ Kf8 18. Qf3+ Kg8 19. Re8# 1-0

[Event "Game 1143 - Rated game, 6m + 1s"]
[Site "Main Playing Hall"]
[Date "2003.03.10"]
[Round "?"]
[White "abscissa"]
[Black "kmreese"]
[Result "0-1"]
[WhiteElo "1271"]
[BlackElo "1402"]
[Annotator "White - Resign"]
[PlyCount "52"]
[EventDate "2003.??.??"]

1. e4 c5 2. Nf3 d6 3. Nc3 Nf6 4. d4 cxd4
5. Qxd4 Nc6 6. Bb5 Qa5 7. Bxc6+ bxc6 8. Bd2 c5
9. Qa4+ Qxa4 10. Nxa4 Ba6 11. O-O-O Nxe4 12. Be3 f6
13. Rhe1 Bb5 14. Nc3 Nxc3 15. bxc3 Rd8 16. g4 g5
17. h4 Bc6 18. Nh2 gxh4 19. f4 Bg7 20. Rd3 e5
21. fxe5 fxe5 22. Bf2 h3 23. Bh4 Bh6+ 24. Kd1 Rb8
25. Rxd6 Rb1+ 26. Ke2 Bb5+ { White - Resign} 0-1

[Event "Game 1144 - Rated game, 6m + 1s"]
[Site "Main Playing Hall"]
[Date "2003.03.10"]
[Round "?"]
[White "kmreese"]
[Black "abscissa"]
[Result "0-1"]
[WhiteElo "1424"]
[BlackElo "1249"]
[PlyCount "46"]
[EventDate "2003.??.??"]

1. e4 d5 2. Nc3 Nf6 3. e5 Nfd7 4. d4 e6
5. Bb5 c6 6. Ba4 b5 7. Bb3 Ba6 8. a4 bxa4
9. Rxa4 Bb5 10. Ra1 Bb4 11. Nf3 c5 12. dxc5 Nxc5
13. Be3 Nbd7 14. Ng5 Qc7 15. Nxf7 Kxf7 16. Qf3+ Ke7
17. Bg5+ Ke8 18. Qh5+ g6 19. Qh6 Qxe5+ 20. Be3 d4
21. f4 Qxe3+ 22. Kd1 Nxb3 23. Re1 Qd2# 0-1

[Event "Game 1145 - Rated game, 6m + 1s"]
[Site "Main Playing Hall"]
[Date "2003.03.10"]
[Round "?"]
[White "abscissa"]
[Black "kmreese"]
[Result "1/2-1/2"]
[WhiteElo "1276"]
[BlackElo "1398"]
[Annotator "Black - Accepted Draw"]
[PlyCount "32"]
[EventDate "2003.??.??"]

1. e4 c5 2. d4 cxd4 3. Qxd4 Nc6 4. Qd3 e5
5. f4 Nb4 6. Qc4 a5 7. fxe5 d5 8. Qb5+ Bd7
9. Qe2 Rc8 10. c3 Nc6 11. exd5 Nce7 12. d6 Nf5
13. g4 Qh4+ 14. Kd1 Nfh6 15. Nf3 Qxg4 16. Bh3 Qxh3 {Black - Accepted Draw}  
1/2-1/2

[Event "Game 1146 - Rated game, 6m + 1s"]
[Site "Main Playing Hall"]
[Date "2003.03.10"]
[Round "?"]
[White "kmreese"]
[Black "abscissa"]
[Result "1-0"]
[WhiteElo "1392"]
[BlackElo "1282"]
[PlyCount "51"]
[EventDate "2003.??.??"]

1. e4 d5 2. f3 dxe4 3. fxe4 Nf6 4. d3 Bg4
5. Be2 Bxe2 6. Nxe2 e5 7. O-O Bc5+ 8. Kh1 Ng4
9. Nec3 Nf2+ 10. Rxf2 Bxf2 11. Qh5 Qh4 12. Qxe5+ Qe7
13. Qxg7 Rf8 14. Nd5 Qc5 15. Qe5+ Kd8 16. Bg5+ f6
17. Bxf6+ Kd7 18. Qf5+ Kc6 19. Qe6+ Kb5 20. c4+ Ka5
21. b4+ Qxb4 22. Nxb4 Bc5 23. Nc3 Bxb4 24. Qd5+ c5
25. Qxb7 Rxf6 26. Qb5# 1-0

[Event "Game 1147 - Rated game, 6m + 1s"]
[Site "Main Playing Hall"]
[Date "2003.03.10"]
[Round "?"]
[White "abscissa"]
[Black "kmreese"]
[Result "1-0"]
[WhiteElo "1282"]
[BlackElo "1392"]
[PlyCount "59"]
[EventDate "2003.??.??"]

1. d4 Nc6 2. Nf3 d5 3. Nc3 Be6 4. e4 dxe4
5. Nxe4 f5 6. Nc3 Bd5 7. Nxd5 Qxd5 8. c4 Qe6+
9. Be3 f4 10. d5 Qe4 11. dxc6 Rd8 12. Qa4 b6
13. Rd1 Rxd1+ 14. Qxd1 fxe3 15. Qd7+ Kf7 16. Ng5+ Kg6
17. Nxe4 exf2+ 18. Kxf2 Nf6 19. Nxf6 gxf6 20. Qe8+ Kh6
21. g4 e5 22. Qh5+ Kg7 23. g5 Bc5+ 24. Ke1 Rf8
25. Qh6+ Kg8 26. gxf6 Bb4+ 27. Ke2 Rf7 28. Rg1+ Kh8
29. Rg7 Bf8 30. Qxh7# 1-0

[Event "Game 1148 - Rated game, 6m + 1s"]
[Site "Main Playing Hall"]
[Date "2003.03.10"]
[Round "?"]
[White "kmreese"]
[Black "abscissa"]
[Result "0-1"]
[WhiteElo "1379"]
[BlackElo "1294"]
[PlyCount "24"]
[EventDate "2003.??.??"]

1. d4 d5 2. Nf3 Nc6 3. e3 Bg4 4. Nc3 Nf6
5. Bb5 Qd6 6. O-O O-O-O 7. Re1 e5 8. dxe5 Nxe5
9. Be2 Bxf3 10. Bxf3 c5 11. Nb5 Nxf3+ 12. Kh1 Qxh2# 0-1

[Event "Game 1150 - Rated game, 17m + 0s"]
[Site "Main Playing Hall"]
[Date "2003.03.12"]
[Round "?"]
[White "kmreese"]
[Black "lp-scam"]
[Result "0-1"]
[WhiteElo "1544"]
[BlackElo "1492"]
[PlyCount "90"]
[EventDate "2003.??.??"]

1. e4 e5 2. Nf3 Nf6 3. Bc4 d6 4. d4 Nxe4
5. dxe5 Bd7 6. exd6 Bxd6 7. O-O O-O 8. Re1 Re8
9. Nd4 a6 10. Qf3 Nf6 11. Bd2 Bc6 12. Nxc6 Nxc6
13. Nc3 Nd4 14. Rxe8+ Qxe8 15. Qxb7 Nxc2 16. Rf1 Nd4
17. Re1 Qd8 18. Nd5 Rb8 19. Nxf6+ gxf6 20. Qd5 Qd7
21. Qxd4 Bxh2+ 22. Kxh2 Qxd4 23. Bxf7+ Kxf7 24. Rd1 Qxb2
25. Bh6 Qe5+ 26. Kg1 Qe2 27. Rd7+ Ke6 28. Rxh7 Qd1+
29. Kh2 Rg8 30. Rxc7 Qh5+ 31. Kg1 Qxh6 32. g3 Rh8
33. f4 Qh2+ 34. Kf1 Qh1+ 35. Ke2 Qe4+ 36. Kd2 Rh2+
37. Kc3 Qe3+ 38. Kb4 Rb2+ 39. Ka5 Qxg3 40. f5+ Kxf5
41. Rc5+ Kg6 42. Kxa6 Qa3+ 43. Ra5 Qd6+ 44. Ka7 Qb6+
45. Ka8 Qxa5# 0-1

[Event "Game 1152 - Rated game, 13m + 0s"]
[Site "Beginners"]
[Date "2003.03.13"]
[Round "?"]
[White "daruler"]
[Black "kmreese"]
[Result "0-1"]
[WhiteElo "1411"]
[BlackElo "1376"]
[PlyCount "28"]
[EventDate "2003.??.??"]

1. a4 e5 2. g3 d5 3. Bg2 e4 4. a5 Nc6
5. a6 bxa6 6. Ra4 Bg4 7. h3 Bd7 8. d3 Ne5
9. Rxa6 exd3 10. Bxd5 Bb5 11. Ra5 Qxd5 12. Bd2 dxe2
13. Nxe2 Qxh1+ 14. Ng1 Qxg1# 0-1

[Event "Game 1153 - Rated game, 17m + 0s"]
[Site "Beginners"]
[Date "2003.03.13"]
[Round "?"]
[White "kmreese"]
[Black "daruler"]
[Result "1-0"]
[WhiteElo "1523"]
[BlackElo "1411"]
[PlyCount "27"]
[EventDate "2003.??.??"]

1. e4 g5 2. d4 Bg7 3. e5 c5 4. d5 Bxe5
5. Bxg5 Kf8 6. Bc4 b5 7. Bxb5 a6 8. Bc4 h6
9. Qh5 Nf6 10. Bxh6+ Ke8 11. Qxe5 Rxh6 12. d6 Ng8
13. Qg7 Rg6 14. Bxf7# 1-0

[Event "Game 1155 - Rated game, 15m + 0s"]
[Site "Beginners"]
[Date "2003.03.13"]
[Round "?"]
[White "kmreese"]
[Black "Octopussy"]
[Result "0-1"]
[WhiteElo "1396"]
[BlackElo "1373"]
[Annotator "White - Time"]
[PlyCount "106"]
[EventDate "2003.??.??"]

1. e4 d6 2. d4 g6 3. d5 c6 4. dxc6 Nxc6
5. Nf3 Bg7 6. Ng5 Qa5+ 7. Bd2 Qe5 8. f4 Qxb2
9. Nxf7 Kxf7 10. Bc4+ Ke8 11. e5 Qxa1 12. exd6 Bc3
13. f5 Bxd2+ 14. Kxd2 Qd4+ 15. Bd3 Bxf5 16. dxe7 Ngxe7
17. Qf3 Ne5 18. Qxb7 Qf2+ 19. Kd1 Bg4+ 20. Kc1 Qf4+
21. Nd2 Nxd3+ 22. cxd3 Rc8+ 23. Kb1 Qxd2 24. Qb5+ Bd7
25. Qe5 Qc2+ 26. Ka1 Rf8 27. Rb1 Qc3+ 28. Qxc3 Rxc3
29. Rb8+ Nc8 30. Rb1 Bf5 31. Re1+ Ne7 32. Kb2 Rxd3
33. h3 Be6 34. Kc2 Bc4 35. a4 Rf2+ 36. Kc1 Bb3
37. g4 Rc2+ 38. Kb1 Ba2+ 39. Kxc2 Ra3 40. Kb2 Rxa4
41. Ra1 Bb3 42. Rb1 Rb4 43. Ra1 Nd5 44. Rxa7 h5
45. Ka3 hxg4 46. hxg4 Bd1 47. Ra5 Rb3+ 48. Ka2 Nb4+
49. Ka1 Nc2+ 50. Ka2 Nb4+ 51. Ka1 Bxg4 52. Re5+ Kf8
53. Re1 Ra3+ {White - Time} 0-1

[Event "Game 1156 - Rated game, 10m + 2s"]
[Site "Main Playing Hall"]
[Date "2003.03.13"]
[Round "?"]
[White "kmreese"]
[Black "kalin"]
[Result "1-0"]
[WhiteElo "1410"]
[BlackElo "1299"]
[PlyCount "117"]
[EventDate "2003.??.??"]

1. e4 e5 2. Nf3 d6 3. Bc4 Be6 4. d4 Bxc4
5. dxe5 dxe5 6. Qxd8+ Kxd8 7. Nxe5 Be6 8. O-O Bd6
9. f4 Bxe5 10. fxe5 f6 11. Nc3 fxe5 12. Rf8+ Ke7
13. Rf3 Nh6 14. Bg5+ Kd7 15. Rd1+ Kc6 16. b4 b5
17. Rfd3 Na6 18. a4 Nxb4 19. axb5+ Kb6 20. Be3+ Kb7
21. R3d2 a6 22. Na4 axb5 23. Nc5+ Kb8 24. Nxe6 Re8
25. Nc5 Ra3 26. Nd7+ Kc8 27. c3 Ng4 28. Bc5 Rxc3
29. Bxb4 Rc4 30. Ba5 Ne3 31. Ra1 Nc2 32. Ra2 Re7
33. Nf8 Ne3 34. Nxh7 Rf7 35. h4 Rf1+ 36. Kh2 Rxe4
37. g3 Ng4+ 38. Kg2 Rf5 39. Rac2 Rf2+ 40. Rxf2 Nxf2
41. Kxf2 Ra4 42. Rxc7+ Kb8 43. Bb6 b4 44. Rxg7 b3
45. Rd7 Ra2+ 46. Ke3 Kc8 47. Rd1 Kb7 48. Bd8 b2
49. Rb1 Kc6 50. Kd2 Kc5 51. Kc2 Kc4 52. Nf6 Kb4
53. h5 Ka3 54. Be7+ Ka4 55. h6 e4 56. Nxe4 Ra1
57. Rxb2 Re1 58. Nc5+ Ka5 59. Bd8# 1-0

[Event "Game 1158 - Rated game, 15m + 0s"]
[Site "Beginners"]
[Date "2003.03.14"]
[Round "?"]
[White "viper61"]
[Black "kmreese"]
[Result "0-1"]
[WhiteElo "1553"]
[BlackElo "1413"]
[Annotator "White - Resign"]
[PlyCount "20"]
[EventDate "2003.??.??"]

1. e4 c5 2. Nf3 d6 3. d4 cxd4 4. Nxd4 Nf6
5. Nc3 e5 6. Bb5+ Bd7 7. Bg5 exd4 8. Qxd4 Bxb5
9. Nxb5 Qa5+ 10. Nc3 Qxg5 {White - Resign} 0-1

[Event "Game 1159 - Rated game, 15m + 0s"]
[Site "Beginners"]
[Date "2003.03.14"]
[Round "?"]
[White "kmreese"]
[Black "cordy"]
[Result "1-0"]
[WhiteElo "1438"]
[BlackElo "1079"]
[PlyCount "43"]
[EventDate "2003.??.??"]

1. e4 Nc6 2. d4 Nf6 3. e5 Ne4 4. Bc4 b6
5. d5 Nb4 6. a3 e6 7. axb4 Bb7 8. Nf3 exd5
9. Bxd5 Qe7 10. Bxb7 Rb8 11. Bxe4 Qxb4+ 12. Nfd2 Be7
13. O-O Qb5 14. Nc3 Qxe5 15. Re1 Bd6 16. g3 Kd8
17. Bc6 dxc6 18. Rxe5 Bxe5 19. Nc4+ Ke7 20. Nxe5 f6
21. Qd7+ Kf8 22. Qf7# 1-0

[Event "Game 1160 - Rated game, 12m + 2s"]
[Site "Main Playing Hall"]
[Date "2003.03.14"]
[Round "?"]
[White "kmreese"]
[Black "chef2"]
[Result "0-1"]
[WhiteElo "1442"]
[BlackElo "1401"]
[PlyCount "54"]
[EventDate "2003.??.??"]

1. e4 g6 2. d4 Bg7 3. e5 b6 4. Nf3 Bb7
5. Bc4 e6 6. Ng5 h6 7. Nxf7 Kxf7 8. Nc3 d6
9. d5 b5 10. dxe6+ Ke7 11. Nxb5 a6 12. exd6+ cxd6
13. Nd4 Qa5+ 14. c3 Qe5+ 15. Be3 d5 16. f4 Qe4
17. f5 Qxe3+ 18. Be2 Bxd4 19. cxd4 Nc6 20. fxg6 Nxd4
21. g7 Rh7 22. Qd3 Qxe2+ 23. Qxe2 Nxe2 24. Kxe2 Rxg7
25. Rhe1 Rxg2+ 26. Kf1 d4 27. Rad1 Rf8# 0-1

[Event "Game 1161 - Rated game, 15m + 5s"]
[Site "Main Playing Hall"]
[Date "2003.03.14"]
[Round "?"]
[White "kmreese"]
[Black "Mostovoi"]
[Result "0-1"]
[WhiteElo "1545"]
[BlackElo "1391"]
[PlyCount "58"]
[EventDate "2003.??.??"]

1. e4 c5 2. Nf3 d6 3. e5 dxe5 4. Nxe5 e6
5. Bc4 a6 6. O-O Qd4 7. Re1 Bd6 8. c3 Qf4
9. d4 Qf5 10. g4 Qf6 11. g5 Qf5 12. d5 Bxe5
13. dxe6 Bxe6 14. g6 hxg6 15. Bxe6 fxe6 16. Na3 Bxh2+
17. Kf1 Qh3+ 18. Ke2 Nf6 19. Qa4+ b5 20. Nxb5 Qg4+
21. f3 Qxa4 22. Nc7+ Kf7 23. Nxa8 Qb5+ 24. Kd1 Rd8+
25. Bd2 Qxb2 26. Ke2 Qxd2+ 27. Kf1 Qxc3 28. Rec1 Qxf3+
29. Ke1 Bg3# 0-1

[Event "Game 1163 - Rated game, 5m + 0s"]
[Site "Main Playing Hall"]
[Date "2003.03.14"]
[Round "?"]
[White "kmreese"]
[Black "Luzifer"]
[Result "1/2-1/2"]
[WhiteElo "1436"]
[BlackElo "1277"]
[Annotator "White - Accepted Draw"]
[PlyCount "36"]
[EventDate "2003.??.??"]

1. e4 e5 2. Nf3 Nc6 3. Bc4 d6 4. d3 Be7
5. Nc3 Nf6 6. Ng5 O-O 7. O-O h6 8. Nf3 Bg4
9. Be3 Nd4 10. Bxd4 exd4 11. Nd5 Nxd5 12. Bxd5 c6
13. Bc4 d5 14. exd5 Bc5 15. Re1 Re8 16. Rxe8+ Qxe8
17. dxc6 Qxc6 18. h3 Bh5 {White - Accepted Draw} 1/2-1/2

[Event "Game 1164 - Rated game, 15m + 0s"]
[Site "Main Playing Hall"]
[Date "2003.03.14"]
[Round "?"]
[White "kmreese"]
[Black "outcast"]
[Result "1-0"]
[WhiteElo "1429"]
[BlackElo "1205"]
[Annotator "Black - Resign"]
[PlyCount "71"]
[EventDate "2003.??.??"]

1. e4 e6 2. d4 d5 3. Nc3 c5 4. Nf3 Nc6
5. exd5 exd5 6. dxc5 d4 7. Qe2+ Be7 8. Nb5 Be6
9. c3 dxc3 10. Nxc3 Bxc5 11. Bg5 Qc7 12. O-O-O Nge7
13. Nb5 Qb6 14. a4 O-O 15. a5 Qxa5 16. Nc3 Qa1+
17. Nb1 Nb4 18. Ne5 Na2+ 19. Kd2 Qxb2+ 20. Ke1 Bb4+
21. Bd2 Rad8 22. Nd3 Rxd3 23. Qxd3 Bb3 24. Bxb4 Bxd1
25. Bxe7 Re8 26. Kxd1 Rc8 27. Bg5 Nc3+ 28. Nxc3 Qxc3
29. Qxc3 Rxc3 30. Bb5 h6 31. Bf4 Rb3 32. Bc4 Rb1+
33. Bc1 a5 34. Re1 b5 35. Ba2 a4 36. Bxb1 {Black - Resign} 1-0

[Event "Game 1165 - Rated game, 7m + 2s"]
[Site "Main Playing Hall"]
[Date "2003.03.14"]
[Round "?"]
[White "Delavega"]
[Black "kmreese"]
[Result "1-0"]
[WhiteElo "1290"]
[BlackElo "1436"]
[PlyCount "33"]
[EventDate "2003.??.??"]

1. e4 c5 2. Nf3 d6 3. d4 cxd4 4. Nxd4 e5
5. Nf3 Nf6 6. h3 Nxe4 7. Qd5 Bf5 8. Bc4 Bg6
9. g4 Nxf2 10. Kxf2 Qb6+ 11. Be3 Qxb2 12. Nbd2 Nc6
13. Nh4 O-O-O 14. Nxg6 hxg6 15. Rab1 Qxc2 16. Qxf7 Nd4
17. Qxb7# 1-0

[Event "Game 1167 - Rated game, 20m + 20s"]
[Site "Main Playing Hall"]
[Date "2003.03.15"]
[Round "?"]
[White "wittgenstein"]
[Black "kmreese"]
[Result "0-1"]
[WhiteElo "1393"]
[BlackElo "1520"]
[Annotator "White - Resign"]
[PlyCount "24"]
[EventDate "2003.??.??"]

1. e4 c5 2. c4 Nc6 3. Nf3 d6 4. Nc3 Nf6
5. d3 Bg4 6. Be2 h5 7. Bg5 h4 8. Nxh4 Bxe2
9. Qxe2 Ne5 10. Nf5 Nfg4 11. h3 Nxf2 12. Qxf2 Nxd3+ {White - Resign} 0-1

[Event "Game 1169 - Rated game, 15m + 6s"]
[Site "Beginners"]
[Date "2003.03.15"]
[Round "?"]
[White "Mapu"]
[Black "kmreese"]
[Result "1-0"]
[WhiteElo "1412"]
[BlackElo "1544"]
[Annotator "Black - Resign"]
[PlyCount "35"]
[EventDate "2003.??.??"]

1. e4 c5 2. d4 cxd4 3. c3 dxc3 4. Bc4 cxb2
5. Bxb2 e6 6. Nf3 Qa5+ 7. Bc3 Bb4 8. Qd2 b5
9. Bxg7 Qa4 10. Nc3 Bxc3 11. Qxc3 bxc4 12. Bxh8 Nc6
13. Ne5 Nb4 14. O-O f6 15. Qg3 Nh6 16. Bxf6 c3
17. Qg7 Nc6 18. Qh8+ {Black - Resign} 1-0